<?xml version="1.0" encoding="UTF-8"?>
<record
    xmlns:xsi="http://www.w3.org/2001/XMLSchema-instance"
    xsi:schemaLocation="http://www.loc.gov/MARC21/slim http://www.loc.gov/standards/marcxml/schema/MARC21slim.xsd"
    xmlns="http://www.loc.gov/MARC21/slim">

  <leader>03564nam a2200541Ii 4500</leader>
  <controlfield tag="001">DIGANT0369</controlfield>
  <controlfield tag="003">NyNyDIG</controlfield>
  <controlfield tag="006">m     o  d        </controlfield>
  <controlfield tag="007">cr |||||||||||</controlfield>
  <controlfield tag="008">170213s2015    sp       o    000 0 spa d</controlfield>
  <datafield tag="020" ind1=" " ind2=" ">
    <subfield code="z">6072804934</subfield>
    <subfield code="q">(UAM)</subfield>
  </datafield>
  <datafield tag="020" ind1=" " ind2=" ">
    <subfield code="z">8416421137</subfield>
    <subfield code="q">(Anthropos)</subfield>
  </datafield>
  <datafield tag="020" ind1=" " ind2=" ">
    <subfield code="z">9786072804937</subfield>
    <subfield code="q">(UAM)</subfield>
  </datafield>
  <datafield tag="020" ind1=" " ind2=" ">
    <subfield code="z">9788416421138</subfield>
    <subfield code="q">(Anthropos)</subfield>
  </datafield>
  <datafield tag="035" ind1=" " ind2=" ">
    <subfield code="a">(OCoLC)973476355</subfield>
  </datafield>
  <datafield tag="040" ind1=" " ind2=" ">
    <subfield code="a">DGITA</subfield>
    <subfield code="b">eng</subfield>
    <subfield code="e">rda</subfield>
    <subfield code="e">pn</subfield>
    <subfield code="c">DGITA</subfield>
  </datafield>
  <datafield tag="050" ind1="1" ind2="4">
    <subfield code="a">JC319 eBook</subfield>
  </datafield>
  <datafield tag="245" ind1="0" ind2="3">
    <subfield code="a">El espacio pol&#xED;tico :</subfield>
    <subfield code="b">aproximaciones al giro espacial desde la teor&#xED;a pol&#xED;tica /</subfield>
    <subfield code="c">Francisco Colom y &#xC1;ngel Rivero (Eds.) ; Miguel Bandeira Jer&#xF3;nimo, Jo&#xE3;o Cardoso Rosas, Francisco Colom Gonz&#xE1;lez, Guillermo Gra&#xED;&#xF1;o Ferrer, Jos&#xE9; Mar&#xED;a Hern&#xE1;ndez, Tom&#xE1;s P&#xE9;rez Vejo, &#xC1;ngel Rivero, Juan Carlos Velasco.</subfield>
  </datafield>
  <datafield tag="250" ind1=" " ind2=" ">
    <subfield code="a">Primera edici&#xF3;n. </subfield>
  </datafield>
  <datafield tag="264" ind1=" " ind2="1">
    <subfield code="a">Barcelona, Espa&#xF1;a :</subfield>
    <subfield code="b">Anthropos Editorial ;</subfield>
    <subfield code="a">Tlalpan, Ciudad de M&#xE9;xico, D.F., M&#xE9;xico :</subfield>
    <subfield code="b">Universidad Aut&#xF3;noma Metropolitana, Unidad Iztapalapa, Divisi&#xF3;n de Ciencias Sociales y Humanidades,</subfield>
    <subfield code="c">2015.</subfield>
  </datafield>
  <datafield tag="300" ind1=" " ind2=" ">
    <subfield code="a">1 online resource.</subfield>
  </datafield>
  <datafield tag="336" ind1=" " ind2=" ">
    <subfield code="a">text</subfield>
    <subfield code="b">txt</subfield>
    <subfield code="2">rdacontent</subfield>
  </datafield>
  <datafield tag="337" ind1=" " ind2=" ">
    <subfield code="a">computer</subfield>
    <subfield code="b">c</subfield>
    <subfield code="2">rdamedia</subfield>
  </datafield>
  <datafield tag="338" ind1=" " ind2=" ">
    <subfield code="a">online resource</subfield>
    <subfield code="b">cr</subfield>
    <subfield code="2">rdacarrier</subfield>
  </datafield>
  <datafield tag="490" ind1="1" ind2=" ">
    <subfield code="a">Pensamiento cr&#xED;tico/pensamiento ut&#xF3;pico ;</subfield>
    <subfield code="v">218.</subfield>
    <subfield code="a">Argumentos de la pol&#xED;tica</subfield>
  </datafield>
  <datafield tag="505" ind1="0" ind2=" ">
    <subfield code="a">La topograf&#xED;a pol&#xED;tica : la aplicaci&#xF3;n de coordenadas espaciales a los lenguajes e imaginarios pol&#xED;ticos / Jo&#xE3;o Cardoso Rosas -- El espacio y la obligaci&#xF3;n pol&#xED;tica : de la Polis a la Cosm&#xF3;polis / Jos&#xE9; Mar&#xED;a Hern&#xE1;ndez -- La pol&#xED;tica como espacio de la conversaci&#xF3;n humana : de la Antig&#xFC;edad al nacimiento del mundo moderno / &#xC1;ngel Rivero -- El territorio pol&#xED;tico : los espacios del demos / Francisco Colom Gonz&#xE1;lez -- Las fronteras, la justicia y la fortuna / Juan Carlos Velasco -- Geograf&#xED;as vitales : la imaginaci&#xF3;n (geo)pol&#xED;tica del nuevo imperialismo europeo (1870-1920) / Miguel Bandeira Jer&#xF3;nimo -- Oriente y Occidente como imaginarios del espacio pol&#xED;tico : la alternativa oriental a Europa en el siglo XVIII / Guillermo Gra&#xED;&#xF1;o Ferrer -- La definici&#xF3;n del espacio pol&#xED;tico en el nacimiento de la modernidad : el caso hispanoamericano / Tom&#xE1;s P&#xE9;rez Vejo.</subfield>
  </datafield>
  <datafield tag="588" ind1="0" ind2=" ">
    <subfield code="a">Online resource; title from PDF title page (Digitalia, viewed February 13, 2017)</subfield>
  </datafield>
  <datafield tag="650" ind1=" " ind2="0">
    <subfield code="a">Geopolitics.</subfield>
  </datafield>
  <datafield tag="650" ind1=" " ind2="0">
    <subfield code="a">Political science</subfield>
    <subfield code="x">History.</subfield>
  </datafield>
  <datafield tag="650" ind1=" " ind2="0">
    <subfield code="a">Political science</subfield>
    <subfield code="x">Philosophy.</subfield>
  </datafield>
  <datafield tag="655" ind1=" " ind2="0">
    <subfield code="a">Electronic books.</subfield>
  </datafield>
  <datafield tag="700" ind1="1" ind2=" ">
    <subfield code="a">Bandeira Jer&#xF3;nimo, Miguel,</subfield>
    <subfield code="d">1973-</subfield>
    <subfield code="e">author.</subfield>
  </datafield>
  <datafield tag="700" ind1="1" ind2=" ">
    <subfield code="a">Colom Gonz&#xE1;lez, Francisco,</subfield>
    <subfield code="e">editor,</subfield>
    <subfield code="e">author.</subfield>
  </datafield>
  <datafield tag="700" ind1="1" ind2=" ">
    <subfield code="a">Gra&#xED;&#xF1;o Ferrer, Guillermo,</subfield>
    <subfield code="e">author.</subfield>
  </datafield>
  <datafield tag="700" ind1="1" ind2=" ">
    <subfield code="a">Hern&#xE1;ndez, Jos&#xE9; Mar&#xED;a,</subfield>
    <subfield code="e">author.</subfield>
  </datafield>
  <datafield tag="700" ind1="1" ind2=" ">
    <subfield code="a">P&#xE9;rez Vejo, Tom&#xE1;s,</subfield>
    <subfield code="e">author.</subfield>
  </datafield>
  <datafield tag="700" ind1="1" ind2=" ">
    <subfield code="a">Rivero, &#xC1;ngel</subfield>
    <subfield code="q">(Rivero Rodr&#xED;guez),</subfield>
    <subfield code="e">editor,</subfield>
    <subfield code="e">author.</subfield>
  </datafield>
  <datafield tag="700" ind1="1" ind2=" ">
    <subfield code="a">Rosas, Jo&#xE3;o Cardoso,</subfield>
    <subfield code="e">author.</subfield>
  </datafield>
  <datafield tag="700" ind1="1" ind2=" ">
    <subfield code="a">Velasco, Juan Carlos,</subfield>
    <subfield code="e">author.</subfield>
  </datafield>
  <datafield tag="776" ind1="0" ind2="8">
    <subfield code="i">Print version:</subfield>
    <subfield code="t">Espacio pol&#xED;tico.</subfield>
    <subfield code="d">Barcelona, Espa&#xF1;a : Anthropos Editorial ; Ciudad de M&#xE9;xico, D.F, M&#xE9;xico : Universidad Aut&#xF3;noma Metropolitana, Unidad Iztapalapa, Divisi&#xF3;n de Ciencias Sociales y Humanidades, 2015.</subfield>
    <subfield code="z">9788416421138</subfield>
    <subfield code="w">(OCoLC)925737921</subfield>
  </datafield>
  <datafield tag="791" ind1="2" ind2=" ">
    <subfield code="a">Digitalia (Firm),</subfield>
    <subfield code="e">distributor.</subfield>
  </datafield>
  <datafield tag="793" ind1="0" ind2=" ">
    <subfield code="g">Digitalia eBook Collection:</subfield>
    <subfield code="a">Anthropos</subfield>
  </datafield>
  <datafield tag="830" ind1=" " ind2="0">
    <subfield code="a">Pensamiento cr&#xED;tico/pensamiento ut&#xF3;pico ;</subfield>
    <subfield code="v">218.</subfield>
  </datafield>
  <datafield tag="830" ind1=" " ind2="0">
    <subfield code="a">Pensamiento cr&#xED;tico/pensamiento ut&#xF3;pico.</subfield>
    <subfield code="p">Argumentos de la pol&#xED;tica.</subfield>
  </datafield>
  <datafield tag="856" ind1="4" ind2="0">
    <subfield code="3">Digitalia Hisp&#xE1;nica</subfield>
    <subfield code="u">https://www.digitaliapublishing.com/a/41681/</subfield>
  </datafield>
  <datafield tag="910" ind1=" " ind2=" ">
    <subfield code="a">Premium collection: 2017</subfield>
  </datafield>
  <datafield tag="942" ind1=" " ind2=" ">
    <subfield code="c">RAA</subfield>
  </datafield>
  <datafield tag="952" ind1=" " ind2=" ">
    <subfield code="0">0</subfield>
    <subfield code="1">0</subfield>
    <subfield code="4">0</subfield>
    <subfield code="7">0</subfield>
    <subfield code="8">DEH</subfield>
    <subfield code="a">BD-UIN</subfield>
    <subfield code="b">BD-UIN</subfield>
    <subfield code="d">2025-04-25</subfield>
    <subfield code="l">0</subfield>
    <subfield code="r">2025-04-25</subfield>
    <subfield code="w">2025-04-25</subfield>
    <subfield code="y">RAA</subfield>
  </datafield>
  <datafield tag="999" ind1=" " ind2=" ">
    <subfield code="c">246694</subfield>
    <subfield code="d">246694</subfield>
  </datafield>
</record>
